[Event "Amber-rapid 20th"]
[Site "Monte Carlo"]
[Date "2011.03.22"]
[Round "9"]
[White "Topalov, Veselin"]
[Black "Nakamura, Hikaru"]
[Result "1-0"]
[WhiteElo "2775"]
[BlackElo "2774"]
[Annotator "Ftacnik,L"]
[PlyCount "83"]
[EventDate "2011.03.12"]
[EventType "tourn (rapid)"]
[EventRounds "11"]
[EventCountry "MNC"]
[EventCategory "21"]
[SourceTitle "CBM 142"]
[Source "ChessBase"]
[SourceDate "2011.05.17"]
[SourceVersion "1"]
[SourceVersionDate "2011.05.17"]
[SourceQuality "1"]

1. e4 e6 2. d4 d5 3. Nc3 Nf6 4. e5 Nfd7 5. f4 c5 6. Nf3 Nc6 7. Be3 cxd4 8. Nxd4
Qb6 9. Qd2 Qxb2 10. Rb1 Qa3 11. Bb5 Nxd4 {Apart from this logical exchange
Black can try the firm, but very passive knight retreat.} (11... Ndb8) 12. Bxd4
a6 {Testing the light-squared bishop is not the main line, but it definitely
makes sense if Black wants to complete his piece development.} (12... Bb4 {
White is not able to refute this pesky move, but it dos not mean that the
defender is playing with fire.} 13. O-O (13. Rb3 Qa5 14. a3 Be7 15. f5 exf5 (
15... b6 16. O-O Ba6 17. Bxa6 Qxa6 18. Nb5 O-O-O 19. fxe6 Nc5 20. Rxf7 Nxb3 21.
Qe2 Kb8 22. cxb3 Rhe8 23. a4 Qc8 24. h3 Qxe6 25. Rxg7 Rg8 26. Rxh7 Rc8 27. a5
Rc1+ 28. Kh2 Qg6 29. Rxe7 Qg3# {0-1/Mencinger,V-Rogulj,B/Bled op (7)/1992/})
16. Nxd5 (16. e6 fxe6 17. Bxg7 Rg8 18. Qh6 Kf7 19. Bxd7 Bxd7 20. Be5 d4 21.
Qxh7+ Kf8 22. Bf4 Rxg2 23. Bh6+ Ke8 24. Qh8+ Kf7 25. Qh7+ {Van der Wiel,J-Ree,
H/Nederland/1986/}) 16... Bh4+ (16... Qxd2+ 17. Kxd2 Bd8 18. Rg3 a6 19. Bxd7+
Bxd7 20. Rxg7 {0.5/De Wit,J-Ree,H/Amsterdam II/1985/} (20. Rxg7 Be6 21. Nf6+
Kf8 $1 $10 {_|_})) 17. Kd1 (17. g3 Qxd2+ 18. Kxd2 Bd8 19. Rf1 O-O 20. Bxd7 Bxd7
21. Rxb7 Bc6 22. Ne7+ Bxe7 23. Rxe7 Rfd8 $15) 17... Qd8 $2 (17... Qxd2+ 18.
Kxd2 Bd8) 18. Nf6+ $3 gxf6 (18... Kf8 19. Bc5+ $18) (18... Ke7 19. Qb4+) (18...
Bxf6 19. exf6 O-O (19... gxf6 20. Re1+ Kf8 21. Qh6+ $18) 20. Bxd7 (20. fxg7 Re8
21. Rh3 $40) 20... Qxd7 21. Rg3 g6 22. Kc1 f4 23. Qxf4 Kh8 24. Qh6 Rg8 25. Rh3
$18) 19. exf6 O-O (19... Bxf6 20. Re1+ Be7 (20... Kf8 21. Qh6+ Kg8 22. Rg3+)
21. Bxh8 $18) (19... h6 $8 20. Qe3+ Kf8 21. Qe7+ Qxe7 22. fxe7+ Bxe7 23. Bxh8
f6 24. Rg3 $18) 20. Rg3+ $1 Kh8 (20... Bxg3 21. Qg5+) 21. Qh6 Rg8 (21... Bxf6
22. Qg7+ $1 Bxg7 23. Bxg7+ Kg8 24. Bf6#) 22. Rg7 Nf8 {1-0 De Firmian,N (2605)
-Huebner,R (2630)/Polanica Zdroj 1995} (22... Nxf6 23. Rxh7#) (22... Nf8 23.
Rxg8+ Kxg8 24. Qg7#)) (13. f5 exf5 14. O-O (14. Rb3 Qa5 15. a3 Qxb5 16. Nxb5
Bxd2+ 17. Kxd2 O-O 18. Nc7 Rb8 19. Bxa7 Rd8 20. Re1 d4 21. Rb4 {1-0 Garcia,
G-Armas,J/Camaguey-B 1987}) 14... O-O 15. Rf3 Bc5 16. Bxd7 Bxd7 17. Nxd5 Qxa2
18. Rfb3 Bxd4+ 19. Qxd4 Be6 20. Ra1 Qxa1+ $2 (20... Qxc2 $1 21. Nf6+ gxf6 22.
Rg3+ Kh8 23. Qh4 Qc5+ 24. Kh1 Qxe5 $19) 21. Qxa1 Bxd5 {0.5/Nunn,J-Zueger,B/
London/1987/}) 13... O-O (13... a6 14. Rb3 Qa5 15. Rfb1 (15. Bxd7+ $6 Bxd7 16.
Rfb1 Bc5 17. Rxb7 Rc8 18. R1b3 Ba4 19. Bxc5 Qxc5+ 20. Kh1 Qc4 $1 (20... Bxb3
21. Ne4 Qxc2 22. Nd6+ Kf8 23. Qxc2 $1 Rxc2 24. Rb8+ Ke7 25. Rb7+ $10) 21. Rb1
O-O 22. Nxa4 Qxa4 $15 {Georgiev,Kir-Ehlvest,J/Reggio Emilia/1989/0-1 (61) ><c2,
f4}) 15... Ba3 (15... Be7 $5 16. Bxd7+ Bxd7 17. Kh1 b5 18. f5 $44) (15... Qxb5
16. Rxb4 Qc6 17. f5 h6 18. f6 gxf6 19. exf6 Qd6 20. a4 b5 21. Rxb5 Rg8 (21...
axb5 22. Nxb5 Qc6 23. Qb4 $16) 22. Re1 axb5 23. Nxb5 Qc6 24. Qb4 Nc5 25. Bxc5
Rxa4 $11 {1/2-1/2 Georgiev,K (2605)-Dolmatov,S (2620)/Moscow 1990 (32)}) 16.
Bxd7+ Bxd7 17. Kh1 (17. Rxb7 Rc8 18. Kh1 Bc5 $15) (17. Qe3 Rc8 18. Rxb7 Rc4 19.
f5 Bc8 20. fxe6 fxe6 21. Rxg7 Rxd4 22. Qg5 Qxc3 23. Qh5+ Kd8 24. Qg5+ Ke8 25.
Qh5+ {1/2-1/2 Santo Roman,M-Zueger,B/Moscow olm (10) FRA-SUI 1994}) 17... Bc5 (
17... b5 $2 18. Qe3 Rb8 19. Nxd5 $16) 18. Bxc5 Qxc5 19. Rxb7 Rd8 $1 (19... Rc8
$4 20. Ne4 $18) 20. Ne2 Qf2 21. R1b3 {~/= Magem Badals,J-Zueger,B/Horgen II 61/
(284) 1994} (21. Qe1 Qxe1+ 22. Rxe1 Rc8 23. Nd4 Ke7 $1 24. Reb1 Rc4 25. R1b4
Rhc8 $15) (21. R1b3 Qf1+ 22. Ng1 O-O 23. Rb1 Qc4 $10)) 14. Rb3 Qa5 15. Qe3 (15.
Qf2 f5 (15... Nb6 $2 16. a3 Be7 17. Ne4 $1 Nc4 18. Nf6+ $1 Bxf6 19. exf6 Qd2
20. fxg7 $18 {Ziatdinov,R-Zueger,B/Biel op/1994/}) 16. Rfb1 Be7 17. Bxd7 Bxd7
18. Rxb7 Qd8 (18... Rfd8 19. Nb5 Rab8 20. Nd6 Rxb7 21. Rxb7 Qxa2 22. h3 Qa4 23.
Rxa7 Qc6 {1/2-1/2 Luther,T-Zueger,B/Mitropa-Cup (6) SWZ-GER [2] 1991}) 19. Bc5
Bxc5 20. Qxc5 Bc8 21. Rb8 Rxb8 22. Rxb8 d4 23. Ne2 Qd7 24. Nxd4 Rd8 25. Qd6 {
1-0 Kruppa,Y-Kaidanov,G/URS-chT 1988}) 15... Nb6 16. Qg3 Nc4 {1/2-1/2 Ivanchuk,
V (2705)-Dreev,A (2570)/Biel 1993}) 13. Rb3 {Topalov and his team obviously
judge the natural idea of grabbing the b7-pawn to be positionally not sound
enough for a real advantage for White.} (13. Bxd7+ Bxd7 14. Rb3 Qe7 15. Rxb7
Qh4+ (15... Qd8 16. O-O Qc8 17. Rb3 Bc5 18. f5 exf5 19. Nxd5 O-O 20. Nf6+ Kh8
21. Rh3 Bxd4+ 22. Kh1 {1-0 Golubev,M (2570)-Zakharov,V (2355)/Moscow 1995}) 16.
Qf2 (16. Bf2 Qd8 17. O-O Qc8 18. Rb3 Qc4 19. Ne2 Be7 20. Rfb1 O-O 21. Rb7 Qc8
22. Qc3 Bd8 23. Qxc8 Bxc8 24. Rb8 Rxb8 25. Rxb8 Bc7 26. Ra8 Bd7 27. Ra7 Rc8 {
1/2-1/2 Karjakin,S (2776)-Nakamura,H (2774)/Monte Carlo 2011 (124)}) 16... Qd8
17. Bb6 Qc8 18. Rc7 Qd8 (18... Qb8 19. Qd4 Be7 20. Rxd7 Bh4+ 21. g3 Kxd7 22.
Qa4+ Ke7 23. Bc5+ Kd8 24. gxh4 Qc7 25. Qd4 $18 {1-0 Brkic,A (2558)-Bitalzadeh,
A (2370)/Rijeka 2008 (28)}) 19. Rb7 Qc8 20. Rc7 Qd8 21. O-O Rc8 22. Rxc8 Qxc8
23. Qd4 $11 {1/2-1/2 Almasi,Z (2707)-Meier,G (2659)/Lubbock 2010 (38)}) 13...
Qe7 14. Ba4 $146 {The first independent move should improve upon the idea that
Cheparinov has already tested - without grabbing the b-pawn.} (14. O-O axb5 15.
Nxb5 Qd8 16. Qc3 Qa5 17. Nc7+ Kd8 18. Nxa8 Qxa8 19. f5 b6 20. fxe6 fxe6 21. Qe3
Qc6 $15 {0-1 Cheparinov,I (2696)-Vallejo Pons,F (2664)/Dresden 2008 (50)})
14... b5 15. Bxb5 axb5 16. Nxb5 Qd8 {In the future it may be wise for Black to
open up the a8-h1 diagonal first.} (16... Rxa2 $2 17. Nd6+ Kd8 18. Qc3 $18) (
16... Qh4+ $5 17. g3 Qd8 18. Qc3 Qa5 19. Nc7+ Kd8 20. Nxa8 Qxa8 21. O-O $13)
17. Qc3 Qa5 (17... Nc5 18. Bxc5 Qa5 19. Nd6+ Bxd6 20. Bxd6 $16) 18. Nc7+ Kd8
19. Nxa8 Qxa8 20. O-O {[%mdl 4] White has certainly analysed the position in
his extensive opening preparation. White can not claim a direct advantage, but
the position remains dangerous for Black.} Qa4 21. Kh1 (21. f5 Qxd4+ $1 22.
Qxd4 Bc5 23. c3 exf5 24. Rb5 Bxd4+ 25. cxd4 Ke7 $11) 21... Be7 (21... Ba6 22.
Rfb1 Qc4 23. Qa5+ Ke8 24. Rb8+ Nxb8 (24... Bc8 25. Ra8 f6 26. Qb5 Qxc2 27. Be3
$18) 25. Rxb8+ Bc8 26. Qb6 Kd7 27. Qa7+ Qc7 28. Qa4+ Qc6 29. Qxc6+ Kxc6 30.
Rxc8+ $18) (21... Qc4 22. Rfb1 Qxc3 23. Rxc3 Be7 24. Rc6 f6 25. Bc3 $14) 22.
Rfb1 f6 {Nakamura suffers, when he can not play at least a bit actively. His
attempt at undermining the cenre will weaken his defence.} (22... h6 23. Rb6
Qa3 24. Rc6 Qxc3 25. Bxc3 Bc5 26. Ba5+ Ke7 27. Rxc5 Nxc5 28. Bb4 $14) 23. exf6
gxf6 $2 (23... Bxf6 24. Bxf6+ Nxf6 25. Rb8 Qc4 $11) 24. Rb6 $1 {A fine move,
that is aiming to punish Black for his undue optimism.} Qxa2 (24... e5 25. fxe5
fxe5 26. Bxe5 Nxb6 27. Qc7+ Ke8 28. Bxh8 $18) 25. Re1 (25. R1b3 Qa8 26. Rxe6
$16) 25... Qc4 26. Rbxe6 Bb4 $2 {Black is just too self confident, he should
learn to experience some fear at the board.} (26... Qxc3 27. Bxc3 Ne5 28. fxe5
Bxe6 29. exf6 Kd7 30. fxe7 $16) 27. Bxf6+ Nxf6 (27... Kc7 28. Qxc4+ dxc4 29.
Bxh8 $18) 28. Qxf6+ Kc7 29. Re7+ $6 {Topalov could not believe his luck and
loses concentration. The same idea from the game would simply win after the
intermediate check on e5.} (29. Qe5+ $1 Kb7 30. Qg7+ Qc7 31. Re7 $18) 29... Bd7
(29... Bxe7 30. Qxe7+ Bd7 31. Qe5+ $18) 30. Qe5+ Kc6 31. Qxh8 Bxe7 (31... Bxe1
$2 32. Qa8+ Kd6 33. Rxe1 $18) 32. Qa8+ Kc7 (32... Kb6 33. Rb1+ Bb5 34. Qb8+ Kc6
35. Qe8+ $18) 33. Qa7+ Kd8 (33... Kc6 34. Rxe7 Qf1+ 35. Qg1 $18) 34. Qb8+ Bc8 (
34... Qc8 35. Qb6+ Ke8 36. Qd6 Qd8 37. Qxd5 $18) 35. Qe5 {White is not able to
win, but defence is still very difficult for the naked king helped by two
bishops.} Bc5 (35... Qc5 36. Qh8+ Bf8 37. Rd1 $16) 36. f5 $1 Qxc2 37. f6 Qf5
38. Qe8+ Kc7 39. Rc1 Kb6 (39... Bd7 40. Rxc5+ Kb7 41. Qe1 $18) 40. f7 {It
becomes clear that Black will not be able to handle all the problems.} d4 41.
Qd8+ Kb5 (41... Kb7 42. h3 Qxf7 43. Rxc5 Qf1+ 44. Kh2 Qf4+ 45. Kg1 $18) 42. Qc7
1-0

[Event "Dublin Clock sim"]
[Site "Dublin"]
[Date "2011.10.03"]
[Round "1.2"]
[White "Topalov, Veselin"]
[Black "Collins, Sam E"]
[Result "1/2-1/2"]
[WhiteElo "2768"]
[BlackElo "2436"]
[Annotator "CB"]
[PlyCount "102"]
[EventDate "2011.10.03"]
[EventType "simul"]
[EventRounds "1"]
[EventCountry "IRL"]
[SourceTitle "CBM 144 Extra"]
[Source "ChessBase"]
[SourceDate "2011.10.28"]
[SourceVersion "1"]
[SourceVersionDate "2011.10.28"]
[SourceQuality "1"]

1. e4 e5 2. Nf3 Nc6 3. Bb5 a6 4. Ba4 Nf6 5. O-O Be7 6. Re1 b5 7. Bb3 d6 8. c3
O-O 9. h3 Na5 10. Bc2 c5 11. d4 Qc7 12. d5 Bd7 13. b3 Rfb8 14. Nbd2 Nb7 15. c4
Ne8 16. Nf1 Nd8 17. Ne3 g6 18. Ng4 f6 19. Nh6+ Kh8 20. Nh2 a5 21. cxb5 Bxb5 22.
Bd2 Bd7 23. N2g4 Bf8 24. Rc1 Bc8 25. h4 Nf7 26. Nxf7+ Qxf7 27. Ne3 Be7 28. Nc4
Bd8 29. f4 Qe7 30. Rf1 Ba6 31. h5 a4 32. hxg6 axb3 33. Bxb3 hxg6 34. Rc3 Bxc4
35. Bxc4 Ba5 36. Rh3+ Kg7 37. Bc1 $2 (37. Bxa5 {wins more quickly for White.})
37... exf4 38. Bxf4 Rb2 39. e5 f5 40. Qc1 (40. g4 {would have settled the
matter in White's favour.}) 40... Rab8 41. Bb3 Re2 42. exd6 Qe4 43. Rh2 Bd2 44.
Bxd2 (44. Qb2+ Qd4+ 45. Qxd4+ cxd4 46. d7 Bxf4 47. dxe8=N+ $1 Rbxe8 48. Rxf4 {
White is a piece up and should win the game.}) 44... Qd4+ 45. Kh1 Rxd2 46. Qe1
Nxd6 47. Qe7+ Nf7 48. Qc7 {Now Black is suddenly better, but he decides to
force a draw} Rh8 49. Rxh8 Kxh8 50. Qxf7 {and now Black takes the perpetual:}
Qh4+ 51. Kg1 Qd4+ 1/2-1/2

[Event "Dublin Clock sim"]
[Site "Dublin"]
[Date "2011.10.03"]
[Round "1.3"]
[White "Astaneh Lopez, Alex"]
[Black "Topalov, Veselin"]
[Result "1/2-1/2"]
[WhiteElo "2414"]
[BlackElo "2768"]
[PlyCount "106"]
[EventDate "2011.10.03"]
[EventType "simul"]
[EventRounds "1"]
[EventCountry "IRL"]
[SourceTitle "CBM 144 Extra"]
[Source "ChessBase"]
[SourceDate "2011.10.28"]
[SourceVersion "1"]
[SourceVersionDate "2011.10.28"]
[SourceQuality "1"]

1. g3 c5 2. Nf3 Nc6 3. c4 g6 4. Bg2 Bg7 5. Nc3 d6 6. O-O Bd7 7. e3 Nf6 8. d4
O-O 9. b3 a6 10. Bb2 Rb8 11. Qe2 cxd4 12. exd4 Bg4 13. Rfd1 Qc8 14. Nd5 Nxd5
15. cxd5 Nb4 16. Qxe7 Nxd5 17. Qg5 Qf5 18. Qxf5 Bxf5 19. Nd2 Nb4 20. Nc4 Rfd8
21. Ne3 Bc8 22. a3 Nc6 23. b4 Be6 24. Rd2 d5 25. Rc1 h5 26. f4 Rbc8 27. Kf2 Ne7
28. Rdc2 Rxc2+ 29. Rxc2 Nc6 30. Rd2 Rd7 31. Bf3 f5 32. Bd1 Kf7 33. Bb3 Bf6 34.
h4 Na7 35. Nc2 Nc8 36. Ne1 Nd6 37. Rc2 Nc4 38. Nf3 b5 39. Bc1 Kg7 40. Ne5 Rb7
41. Bxc4 dxc4 42. Bd2 Bd5 43. Bc3 Be7 44. Ra2 Bd6 45. Ke3 Kf6 46. Ra1 Ke6 47.
Kf2 Be4 48. Nxg6 Kd5 49. Ne5 Bc2 50. Kf3 Be4+ 51. Ke3 Bc2 52. Kf3 Be4+ 53. Ke3
Bc2 1/2-1/2

[Event "Dublin Clock sim"]
[Site "Dublin"]
[Date "2011.10.03"]
[Round "1.4"]
[White "Topalov, Veselin"]
[Black "Quinn, Mark"]
[Result "1-0"]
[WhiteElo "2768"]
[BlackElo "2398"]
[Annotator "CB"]
[PlyCount "85"]
[EventDate "2011.10.03"]
[EventType "simul"]
[EventRounds "1"]
[EventCountry "IRL"]
[SourceTitle "CBM 144 Extra"]
[Source "ChessBase"]
[SourceDate "2011.10.28"]
[SourceVersion "1"]
[SourceVersionDate "2011.10.28"]
[SourceQuality "1"]

1. e4 c5 2. Nf3 e6 3. d4 cxd4 4. Nxd4 Nc6 5. Nc3 Qc7 6. Be3 a6 7. Be2 Nf6 8. a3
d6 9. g4 h6 10. f4 Bd7 $146 ({Relevant:} 10... Be7 11. h4 g6 12. Bf3 Na5 13.
Qe2 Nc4 14. O-O-O Nxe3 15. Qxe3 Nd7 16. g5 hxg5 17. hxg5 Rg8 18. Kb1 Nb6 19.
Rh7 Bd7 20. Be2 Qc5 21. Qf3 Rf8 22. Nb3 Qc7 23. Rdh1 O-O-O 24. Rg7 Kb8 25. Rhh7
Be8 26. Nd4 Rd7 27. f5 Qc5 28. Nb3 Qg1+ 29. Ka2 Qxg5 30. Qf2 Nc8 31. Bc4 exf5
32. Bxf7 fxe4 33. Nxe4 Qe5 34. Qg2 Bd8 35. Bxe8 Rxg7 36. Rxg7 Qxg7 37. Qxg6 Qe7
38. Ba4 Nb6 39. Nc3 Rf4 40. Be8 {Jakubowski,K (2500)-Maksimenko,A (2544)/
Germany 2011/CB14_2011/0-1}) 11. h3 Be7 12. Qd2 Rc8 13. O-O-O g6 $6 {Black
should have probably exchanged knight on d4 instead, or even tried 13...d5.}
14. Rhf1 Rh7 15. f5 gxf5 16. gxf5 Nxd4 17. Qxd4 e5 18. Qd3 Bc6 19. Rg1 b5 20.
Kb1 Qb7 21. Nd5 Bxd5 22. exd5 Bd8 23. Qb3 Ke7 24. Bf2 Kd7 ({after} 24... Bb6 {
White has the exchange sacrifice} 25. Bh4 $1 (25. Bxb6 Qxb6 {looks drawish})
25... Bxg1 26. Rxg1 {with good winning chances.}) 25. Rg2 Be7 26. a4 Rb8 27.
axb5 axb5 28. Be1 Rhh8 29. Rg3 h5 30. Qb4 h4 31. Rb3 Bd8 32. Bxb5+ Ke7 33. Qc4
({an interesting alternative was} 33. Bc3 {attacking the two central pawns}
Qxb5 34. Qa3 {and Black must give up his queen, or go for something like} Qe2
35. Re1 Rxb3 36. Qa7+ Nd7 37. Rxe2 Rb8 {and White is completely winnin.}) 33...
Rh5 34. Bc6 Qc8 35. Rxb8 Qxb8 36. Rd3 Rxf5 37. Rb3 Qc8 38. Rb7+ {The pressure
is relentless, White is going to win.} Kf8 39. Bb4 Bc7 40. Qxh4 Rf1+ 41. Ka2
Kg7 42. Qg5+ Kh7 43. Bxd6 1-0

[Event "EU-chT (Men) 18th"]
[Site "Porto Carras"]
[Date "2011.11.03"]
[Round "1.1"]
[White "Topalov, Veselin"]
[Black "Pelletier, Yannick"]
[Result "1/2-1/2"]
[WhiteElo "2775"]
[BlackElo "2581"]
[Annotator "Pelletier,Y"]
[PlyCount "81"]
[EventDate "2011.11.03"]
[EventType "team-swiss"]
[EventRounds "9"]
[EventCountry "GRE"]
[SourceTitle "CBM 146"]
[Source "ChessBase"]
[SourceDate "2012.01.18"]
[SourceVersion "1"]
[SourceVersionDate "2012.01.18"]
[SourceQuality "1"]
[WhiteTeam "Bulgaria"]
[BlackTeam "Switzerland"]
[WhiteTeamCountry "BUL"]
[BlackTeamCountry "SUI"]

1. d4 Nf6 2. c4 e6 3. Nf3 d5 4. Nc3 dxc4 5. e4 Bb4 6. Bxc4 Nxe4 7. O-O Nxc3 8.
bxc3 Be7 9. Re1 {Objektiv sicher nur ein "one-time shot"! Aber am Brett ist es
nicht so einfach, den psychologischen Druck eines so gut vorbereiteten und
dynamischen Gegners wie Topalovs zu halten.} O-O 10. h4 c5 ({Zu gefährlich ist
zweifellos} 10... Bxh4 11. Nxh4 Qxh4 12. Re3 $40) 11. Bd3 ({Mit} 11. d5 {
kann Weiss auch nicht um Vorteil kämpfen, auch wenn er nach} exd5 12. Bxd5 Nd7
13. Qc2 Nf6 14. Bc4 {genug Kompensation besitzt.}) 11... Nd7 ({Gut war auch} 
11... cxd4 12. cxd4 Nc6 {, aber ich hielt es für sicherer, meinen Springer
Richtung Königsflügel zu führen.}) 12. Ng5 ({Wenn die weisse Partieanlage
bisher zumindest interessant war, geriet das Spiel nun wirklich in die
Spekulation! Schwarz hat zwar auch kein Problem nach} 12. h5 h6 13. Bc2 ({oder
} 13. Bf4 Nf6 14. Ne5 cxd4 15. cxd4 Bd7 $13) 13... cxd4 14. cxd4 Nf6 15. Ne5 (
15. Qd3 Bd7 $13) 15... Bd7 16. Re3 Rc8 17. Rg3 Kh8 $13 {, aber mit seiner
Aktivität am Königsflügel sollte Weiss auch nicht in Gefahr sein.}) 12... Nf6
13. Bf4 cxd4 14. cxd4 (14. Be5 h6) 14... h6 15. Be5 {Zurückzutreten ist nicht
im Stil des Hauses ... Nach einem Springerzug würde einfach 15...Bd7 folgen.}
hxg5 $6 ({Danach sind die Chancen wieder verteilt. Zum Vorteil geführt hätte
der Entwicklungszug} 15... Bd7 $1 16. Re3 Bc6 17. Rg3 {, und nun die wichtige
Ressource} Bd6 $1 {, was ja wirklich hxg5 droht.}) 16. hxg5 g6 ({Zu gefährlich
war} 16... Nh7 $6 17. Bxh7+ (17. Qh5 $6 Nxg5 18. f4 f5 19. fxg5 Bxg5 $15) 17...
Kxh7 18. Qh5+ Kg8 19. f4 $1 {[%cal Ge1e3]} (19. Bxg7 {führt nach} Kxg7 20. Qh6+
Kg8 21. g6 fxg6 22. Qxg6+ Kh8 23. Re3 Bh4 {zum Dauerschach}) 19... Bd6 20. Rad1
$1 $40) 17. gxf6 Bxf6 18. Rb1 (18. Re3 $142 Kg7 $13) 18... Kg7 ({In der
Variante} 18... b6 $142 19. Qf3 Bxe5 20. dxe5 {vergass ich, dass} Bb7 $1 $15 {
möglich ist.}) 19. Qf3 Rh8 {Bis zum Ende entfernt sich nun die
Stelungseinschätzung nur wenig vom Gleichgewicht. Weiss ist aktiv genug, um
den Minusbauern zu kompensieren.} 20. g3 (20. Re4 $142 Bxe5 21. dxe5 Rb8 22.
Rf4 Qe7 $13) (20. Bxg6 $142 $5 fxg6 21. Rxb7+ Bxb7 22. Qxb7+ Kh6 23. Bxf6 Qxf6
24. Re3 {[%cal Ge3h3] und Schwarz kann dem Dauerschach nicht entkommen.}) 20...
Bxe5 21. dxe5 Rb8 22. Be4 (22. Qf4 Qe7) 22... Qg5 23. Qa3 (23. Bc6 Qf5 $15) (
23. Qc3 b6 24. Qc7 Ba6 25. Qxa7 Bc4 $15) 23... Bd7 24. Qxa7 Qxe5 $6 ({
Ernsthaft aufpassen müssen hätte Weiss nach} 24... Qh5 $1 25. Bxb7 Rbc8 $1 {
(ich übersah leider diese Ressource)} 26. Qe3 Bc6 27. Bxc6 Rxc6 28. Qe4 Rc2 $36
) 25. Bxb7 Qf6 26. Bg2 Rxb1 27. Rxb1 Rd8 28. a4 {Nun geriet Schwarz leicht in
die Defensive. Aber der folgende Läufertausch sichert den halben Punkt.} e5 29.
a5 Bc6 30. Qb6 (30. Rb6 $2 Rd1+ $19) (30. Bxc6 Qxc6 31. Qe3 Qd5 32. a6 Rh8 33.
f3 Qa5 $11) 30... Rd6 31. Bxc6 Rxc6 32. Qe3 Rc4 (32... Qd6 $142 $11) 33. Rb6
Qf5 34. Kg2 Qe4+ 35. Qxe4 Rxe4 36. a6 Ra4 37. Kf3 Kh6 38. Rb7 (38. Ke3 f5 $11)
38... Ra3+ 39. Ke4 f5+ 40. Kxe5 Rxa6 41. Kf4 1/2-1/2

[Event "EU-chT (Men) 18th"]
[Site "Porto Carras"]
[Date "2011.11.11"]
[Round "9.1"]
[White "Leko, Peter"]
[Black "Topalov, Veselin"]
[Result "1-0"]
[WhiteElo "2720"]
[BlackElo "2768"]
[Annotator "Krasenkow,M"]
[PlyCount "81"]
[EventDate "2011.11.03"]
[EventType "team-swiss"]
[EventRounds "9"]
[EventCountry "GRE"]
[SourceTitle "CBM 146"]
[Source "ChessBase"]
[SourceDate "2012.01.18"]
[SourceVersion "1"]
[SourceVersionDate "2012.01.18"]
[SourceQuality "1"]
[WhiteTeam "Hungary"]
[BlackTeam "Bulgaria"]
[WhiteTeamCountry "HUN"]
[BlackTeamCountry "BUL"]

1. d4 Nf6 2. c4 g6 3. Nc3 d5 4. cxd5 Nxd5 5. e4 Nxc3 6. bxc3 Bg7 7. Be3 c5 8.
Rc1 Qa5 9. Qd2 O-O 10. Nf3 Rd8 11. d5 e6 12. Bg5 f6 13. Be3 Nc6 {This line was
examined in annotations to Pashikian-Cornette by GM M.Marin - see CBM 142.} (
13... exd5 14. exd5 Na6 {is more passive, Kramnik,V (2791)-Howell,D (2611)/
London 2010/CBM 140/[Krasenkow] (1-0, 42)}) 14. Bd3 (14. h4 exd5 15. exd5 Bg4 (
15... c4 16. Bxc4 Be6 17. Rd1 Ne7 18. Bb3 (18. dxe6 $142 Rxd2 19. Rxd2 Qxc3 20.
Bb3 $44 {M.Marin}) 18... Nxd5 19. Bd4 Nc7 (19... Qa6 $1 $36 {M.Marin}) 20. O-O
Re8 21. Rfe1 Bxb3 22. axb3 a6 $11 {1-0 Gonzalez Garcia,J (2522)-Abreu Delgado,
A (2479)/Barcelona 2011/CBM 143 Extra (65)}) 16. Be2 Bxf3 (16... Ne7 $6 17. c4
Qc7 (17... Qxd2+ 18. Nxd2 $14 {/+/- M.Marin}) 18. Ng5 $5 Bf5 19. Nh3 Nc8 20. g4
Bd7 21. h5 $40 {1-0 Sundararajan,K (2526)-Konguvel,P (2420)/Chennai 2010/CBM
134 Extra (48)}) (16... Qa4 17. Bxc5 $6 (17. Qc2 $14) (17. h5 $5 {M.Marin})
17... Bxf3 18. gxf3 Ne5 19. c4 Rac8 20. Be7 Rd7 21. d6 Re8 22. Qe3 Nf7 23. Qb3
Qxb3 24. axb3 Nxd6 25. Bxd6 Rxd6 $15 {/= 1/2 Arun Prasad,S (2513)-Shivananda,B
(2372)/New Delhi 2011/CBM 140 Extra (32)}) 17. gxf3 c4 $5 $132 {M.Marin} (17...
Ne7 {1/2,Harika,D (2445)-Gupta,A (2565)/Paleohora/2009/} 18. d6 $16)) 14...
exd5 15. exd5 c4 $1 16. Bxc4 Be6 17. Rd1 Ne7 18. dxe6 Rxd2 19. Rxd2 Qxc3 20.
Bb3 $44 {[%csl Ge6]} Qc1+ (20... Qa1+ $6 21. Bd1 $1 Nf5 $6 22. O-O Qc3 (22...
Nxe3 $2 23. e7 $1 $18) 23. Bb3 Kh8 24. Rd7 Re8 (24... Nxe3 $2 25. e7 $1 Qa5 26.
fxe3 $18 {M.Marin}) 25. Bd2 Qb2 26. g4 Ne7 27. Rc1 Nc6 28. Kg2 $18 {1-0
Lupulescu,C (2626)-Bukavshin,I (2501)/Aix-les-Bains 2011/CBM 142 (35)}) 21. Rd1
Qc3+ 22. Rd2 Qc1+ 23. Rd1 Qc3+ 24. Ke2 a5 (24... Qb4 25. Rd3 (25. Rd7 Qb5+ {
M.Marin}) 25... a5 26. Rc1 a4 27. Rc4 Qb5 28. Rc5 Qb4 $11 {1/2 Pashikian,A 
(2642)-Cornette,M (2548)/Aix-les-Bains 2011/CBM 142/[Marin,M] (47)}) 25. Rd7 a4
26. Rc1 Qb2+ $2 {The queen loses its way.} (26... Qb4 $142 27. Bc4 $44 {M.Marin
}) 27. Rc2 {[%csl Rb2]} Qb1 28. Nd2 (28. Rd1 axb3 29. Rxb1 bxc2 30. Rxb7 Nd5
31. Kd2 Nxe3 32. fxe3 Rc8 33. Kc1 Bh6 34. Rb3 $14 {is less convincing.}) 28...
axb3 (28... Qg1 29. Bc4 Re8 30. Rb2 Qxh2 31. Rbxb7 Bf8 32. Ne4 Qh4 33. Kd3 $18
{[%cal Re4d6]}) 29. Nxb1 bxc2 30. Nc3 Nf5 31. Bd2 $16 {White has restored the
material balance keeping a positional advantage (the e6-pawn and better pieces)
.} h5 {Finally Black deviates from the known game Potkin - Svidler, however,
without success. Amazingly, Veselin Topalov was simply unprepared for this
line.} (31... Re8 32. Kd3 (32. Rxb7 $5 Rxe6+ 33. Kd3 $16 {[%csl Ga2] B.Vuckovic
}) 32... b6 33. g4 Nh6 34. h3 Rxe6 35. Kxc2 $14 {1/2 Potkin,V (2646)-Svidler,P
(2722)/Moscow 2010/CBM 140 (44)}) 32. Kd3 b5 33. e7 {[%csl Ge7] This pawn
decides the game.} Re8 34. Nd5 Kf7 35. Kxc2 Rc8+ 36. Nc7 Nxe7 37. Bb4 Bf8 38.
Kb3 Rb8 39. Nd5 Ke6 40. Rd6+ Ke5 (40... Kf7 41. Nxe7 Bxe7 42. Rd7 $18) 41. f4+
1-0